|
|
|
|
| LEADER |
00000nam0a2200000 4500 |
| 001 |
364807 |
| 005 |
20231102011726.0 |
| 035 |
|
|
|a (RuTPU)RU\TPU\retro\22170
|
| 090 |
|
|
|a 364807
|
| 100 |
|
|
|a 20211129d1981 m y0rusy50 ca
|
| 101 |
0 |
|
|a rus
|
| 102 |
|
|
|a RU
|
| 105 |
|
|
|a a j 001zy
|
| 200 |
1 |
|
|a Механика горных пород
|e учебное пособие для вузов
|f И. Н. Кацауров
|
| 210 |
|
|
|a Москва
|c Недра
|d 1981
|
| 215 |
|
|
|a 161 с.
|c ил.
|
| 320 |
|
|
|a Библиогр.: с. 155-159
|
| 606 |
1 |
|
|a Механика горных пород
|2 stltpush
|3 (RuTPU)RU\TPU\subj\43562
|9 63049
|
| 610 |
1 |
|
|a учебные пособия
|
| 610 |
1 |
|
|a механические свойства
|
| 610 |
1 |
|
|a горные породы
|
| 610 |
1 |
|
|a напряженное состояние
|
| 610 |
1 |
|
|a горное давление
|
| 610 |
1 |
|
|a проявление
|
| 610 |
1 |
|
|a нагрузки
|
| 610 |
1 |
|
|a расчет
|
| 610 |
1 |
|
|a горная крепь
|
| 610 |
1 |
|
|a горные выработки
|
| 675 |
|
|
|a 622.02:539.2/.8(075.8)
|v 4
|
| 700 |
|
1 |
|a Кацауров
|b И. Н.
|g Игорь Николаевич
|
| 801 |
|
1 |
|a RU
|b 63413507
|c 20211129
|
| 942 |
|
|
|c BK
|